000 00436nam a2200157Ia 4500
008 240729s9999 xx 000 0 und d
022 _a2225-4994
245 0 _aMongolian Journal of Biological Sciences
260 _aMongolia
260 _bNational University of Mongolia
650 _a Biology (General)
650 _aScience
856 _uhttps://doaj.org/toc/81694c50b4b1484497ee7f4b847da092
942 _2ddc
942 _cDOAJEJ
999 _c66309
_d66309
945 _a1
_bMadushi Gamage
_c1
_dMadushi Gamage